| 000 | 00574nam a22001817a 4500 | ||
|---|---|---|---|
| 003 | CEME | ||
| 005 | 20210628203227.0 | ||
| 008 | 210121b xxu||||| |||| 00| 0 eng d | ||
| 020 | _a0-7879-5526-4 | ||
| 040 | _c. | ||
| 082 | _a658.3124 ROS | ||
| 100 |
_aRossett, Allison , Sheldon, Kendra _964111 |
||
| 245 | _aBeyond the podium , delivering training and performance to a digital world | ||
| 260 |
_aNEW YORK _bPFEIFFER _c2001 |
||
| 300 | _aXVII,312 P | ||
| 650 |
_aEMPLOYEES TRAINING OF, EMPLOYEES TRAINIG OF - COMPUTER ASSISTED INSTRUCTION _964112 |
||
| 942 |
_cBK _2ddc |
||
| 999 |
_c572728 _d572728 |
||